| 000 | 01084nam a2200217 4500 | ||
|---|---|---|---|
| 005 | 20251001165526.0 | ||
| 008 | 210216s1991 pe a|||fr|||| 001 0 spa d | ||
| 040 |
_aCENDOC CAAAP _bspa _cCAAAP |
||
| 041 | _aspa | ||
| 050 |
_aF 2230.2 _b.C67 |
||
| 100 | 1 |
_9960 _aCoquinche Mercier, Juan Marcos (Ofm) |
|
| 245 | 1 |
_aPequeña historia cultural de nuestro pueblo indígena / _cJuan Marcos Coquinche Mercier (Ofm) |
|
| 250 | _a1ra edición | ||
| 260 |
_aIquitos, Perú : _bCentro de Estudios Teológicos de la Amazonía (CETA), _c1991 |
||
| 300 |
_a54 páginas : _bilustraciones ; _c20 x 16 cm |
||
| 505 | _aContiene: La tierra es nuestra vida -- Cada nación tiene su manera de vivir -- Cada pueblo tiene su gobierno -- Los hijos continúan nuestra raza -- Cada nación tiene su idioma -- Cada nación tiene sus fiestas típicas -- Cada pueblo tiene su medicina - Casa pueblo tiene su religión | ||
| 650 | 1 | 0 |
_9364 _aNapuruna _zPerú |
| 650 | 2 | 0 |
_93 _aHistoria de la Amazonía _zAmazonía peruana |
| 650 | 2 | 0 |
_985 _aPoblación Indígena _vHistoria cultural _zAmazonía peruana |
| 942 |
_2lcc _cBK |
||
| 999 |
_c368 _d368 |
||